| 000 | 00948nam a2200289Ia 4500 | ||
|---|---|---|---|
| 003 | OSt | ||
| 005 | 20221007124141.0 | ||
| 006 | a|||||r|||| 00| 0 | ||
| 007 | ta | ||
| 008 | 221006b |||||||| |||| 00| 0 eng d | ||
| 020 | _a0849370477 (pbk) | ||
| 024 | _a106498 | ||
| 037 |
_b1032, 18/06/2010, Ashutosh Technical Books _cTextbook |
||
| 040 |
_aCDL _cCDL _beng |
||
| 041 |
_2eng _aeng |
||
| 082 | _aE:283, P7 Carc | ||
| 100 |
_aCarraher Charles E _9718245 |
||
| 245 | 0 | _aIntroduction to polymer chemistry | |
| 260 |
_aBoca _bRaton Taylor and Francis _c2007 |
||
| 300 |
_a503p. _ccm. |
||
| 500 | _aIncludes bibliographical references.; Appendices A-G, 475-494p.; Index 495-503p. | ||
| 650 |
_a Polymerization _9718327 |
||
| 650 |
_a Polymers _9440819 |
||
| 650 | _aChemistry | ||
| 942 |
_hE:283, P7 Carc _cTB _2CC |
||
| 999 |
_c1213085 _d1213085 |
||